Aviacionnyje električeskije generatory /

Uložené v:
Podrobná bibliografia
Hlavný autor: Bertinov, A. I. (Author)
Médium: Kniha
Jazyk:Russian
Vydané: Moskva : Oborongiz, 1959.
Vydanie:1. izd.
ISBN: (viaz.)
Fyzický popis: 594 s.
Tagy: Pridať tag
Žiadne tagy, Buďte prvý kto otaguje tento záznam!

MARC

LEADER 00000nam a2200000 a 4500
001 000098677
005 20091230150210.0
008 040101s1959 ru e ruso
020 |a (viaz.) 
040 |a SVKKK  |b slo  |c SVKKK  |e AACR2 
041 0 |a rus 
044 |a ru  |c RU 
100 1 |a Bertinov, A. I.  |4 aut 
245 1 0 |a Aviacionnyje električeskije generatory /  |c A. I. Bertinov. 
250 |a 1. izd. 
260 |a Moskva :  |b Oborongiz,  |c 1959. 
300 |a 594 s. 
910 |a svkkk 
998 |a BK 
090 |g SCKHL  |k Sklad Pribinova 2. posch.  |a III.78873  |j 185245  |i 98677-10  |4 Zastaraná  |s Vyradená